[Event "Pupillettes"]
[Site "?"]
[Date "2014.03.01"]
[Round "1.1"]
[White "Boulart, Emilie"]
[Black "Hoffman, Marion"]
[Result "1-0"]
[WhiteElo "1334"]
[BlackElo "1160"]
[PlyCount "87"]
[EventDate "2014.03.01"]
[SourceDate "2014.03.01"]

1. e4 c5 2. c3 e6 3. d4 cxd4 4. cxd4 d6 5. Nf3 Nc6 6. Bc4 Nf6 7. Nc3 Be7 8. O-O
O-O 9. Be3 a6 10. Qc2 b5 11. Bd3 Nb4 12. Qd2 Nxd3 13. Qxd3 Bb7 14. a3 Qc7 15.
Rac1 Qd7 16. Rfd1 Rac8 17. e5 dxe5 18. dxe5 Qxd3 19. Rxd3 Ng4 20. h3 Nxe3 21.
Rxe3 a5 22. Ree1 b4 23. axb4 a4 24. Nxa4 Rxc1 25. Rxc1 Rd8 26. Nc5 Bxc5 27.
bxc5 Rc8 28. Nd4 Kf8 29. c6 Ba6 30. b4 Ke7 31. b5 Bxb5 32. Nxb5 Kd8 33. Nd6 Kc7
34. Nxc8 Kxc8 35. c7 f6 36. exf6 gxf6 37. f4 h5 38. g4 hxg4 39. hxg4 f5 40. g5
Kd7 41. c8=Q+ Kd6 42. Qc7+ Kd5 43. Rc4 e5 44. Qc6# 1-0

[Event "Pupillettes"]
[Site "?"]
[Date "2014.03.01"]
[Round "1.2"]
[White "Bourdeaux, Angele"]
[Black "Salvador Ruiz, Camille"]
[Result "1-0"]
[WhiteElo "1268"]
[BlackElo "1099"]
[PlyCount "89"]
[EventDate "2014.03.01"]
[SourceDate "2014.03.01"]

1. Nf3 d5 2. g3 Bg4 3. Bg2 Nf6 4. O-O Nc6 5. d3 e6 6. c4 Be7 7. cxd5 exd5 8.
Nc3 O-O 9. Re1 Bb4 10. Bd2 Re8 11. e4 d4 12. Nb5 a6 13. Bxb4 Nxb4 14. Nbxd4 a5
15. a3 Na6 16. Nc2 Qd7 17. Qd2 b6 18. Ne3 Bh3 19. Bh1 Nc5 20. Red1 Nb3 21. Qc2
Nxa1 22. Rxa1 Qe6 23. Ng5 Qd7 24. e5 Nh5 25. Bxa8 Rxa8 26. e6 fxe6 27. Nxh3 Rf8
28. Qb3 Rf7 29. Ng5 Re7 30. Re1 a4 31. Qc4 b5 32. Qe4 Nf6 33. Qe5 h6 34. Ne4 c6
35. Nxf6+ gxf6 36. Qxf6 h5 37. d4 Rf7 38. Qg5+ Kf8 39. Qxh5 Qxd4 40. Re2 Qd3
41. h4 Qb1+ 42. Kg2 Qa2 43. g4 Qd5+ 44. Nxd5 e5 45. Qh8# 1-0

[Event "Pupillettes"]
[Site "?"]
[Date "2014.03.01"]
[Round "1.3"]
[White "Jude, Cloe"]
[Black "Rubio, Sarah"]
[Result "0-1"]
[WhiteElo "1030"]
[BlackElo "1099"]
[PlyCount "100"]
[EventDate "2014.03.01"]
[SourceDate "2014.03.01"]

1. e4 e5 2. Nf3 Nc6 3. d3 Bb4+ 4. Bd2 Nf6 5. c3 Be7 6. d4 d6 7. Bb5 O-O 8. Bc4
Nxe4 9. O-O Bf6 10. Bd3 Bf5 11. Re1 Nxf2 12. Qe2 Nxd3 13. Rf1 Re8 14. a3 Na5
15. Nh4 Bxh4 16. Rxf5 Nc1 17. Bxc1 Qc8 18. Qf1 Qd7 19. b4 Nb3 20. Ra2 Re7 21.
Nd2 Qa4 22. Nf3 Bf6 23. Rh5 Kf8 24. Rxh7 g6 25. Rh8+ Bxh8 26. Bh6+ Ke8 27. Bg5
f6 28. Bh4 e4 29. Ne1 Nc1 30. Rf2 e3 31. Rf3 e2 32. Qf2 Qxa3 33. Qg3 b6 34.
Qxg6+ Kd7 35. Qf5+ Kd8 36. Qg6 Kc8 37. Qg8+ Kb7 38. Qxh8 Rxh8 39. Bxf6 Ree8 40.
Bxh8 Rxh8 41. Nc2 Qa2 42. Ne1 Qa1 43. d5 Nb3 44. Rf2 Qxe1+ 45. Rf1 Qh4 46. h3
Nd2 47. Rf3 Nxf3+ 48. gxf3 Rg8+ 49. Kh2 Qf2+ 50. Kh1 Qg1# 0-1

[Event "Pupillettes"]
[Site "?"]
[Date "2014.03.01"]
[Round "1.4"]
[White "Thoraval, Marie"]
[Black "Pellat, Camille"]
[Result "1-0"]
[WhiteElo "1540"]
[BlackElo "1188"]
[PlyCount "108"]
[EventDate "2014.03.01"]
[SourceDate "2014.03.01"]

1. d4 Nf6 2. c4 c5 3. e3 cxd4 4. exd4 Nc6 5. Nf3 e6 6. Nc3 Bb4 7. a3 Ba5 8. b4
Bc7 9. Be2 O-O 10. O-O Re8 11. Bb2 d5 12. Qd3 Rb8 13. Rfe1 h6 14. Rac1 Qd6 15.
Nb5 Qd8 16. Nxc7 Qxc7 17. Bd1 Ne7 18. Bb3 Qd8 19. Nd2 Qd6 20. Qf3 Rd8 21. g3 b6
22. Qe3 Bb7 23. Qe5 Qxe5 24. dxe5 Ne8 25. b5 a6 26. f4 axb5 27. cxb5 Rdc8 28.
Bd4 Rxc1 29. Rxc1 Ba8 30. g4 Ng6 31. f5 Nf4 32. Kf1 exf5 33. gxf5 Nh5 34. Nf3
f6 35. a4 fxe5 36. Nxe5 Nef6 37. Nd3 Ne4 38. Ke2 Nhf6 39. Bxf6 Nxf6 40. Nf4 Rd8
41. Rd1 Kh7 42. Ne6 Re8 43. Kf1 Re7 44. Nf8+ Kg8 45. Ng6 Rd7 46. h3 Ne4 47. Nf4
Nf6 48. Ba2 Bb7 49. Kf2 Kf7 50. Ke3 Kf8 51. Ne6+ Ke7 52. Nf4 d4+ 53. Rxd4 Rxd4
54. Kxd4 Nd5 1-0

[Event "Pupillettes"]
[Site "?"]
[Date "2014.03.01"]
[Round "2.1"]
[White "Hoffman, Marion"]
[Black "Pellat, Camille"]
[Result "0-1"]
[WhiteElo "1160"]
[BlackElo "1188"]
[PlyCount "52"]
[EventDate "2014.03.01"]
[SourceDate "2014.03.01"]

1. e4 c5 2. Nf3 e6 3. d4 cxd4 4. Nxd4 Nf6 5. Nc3 Nc6 6. Be3 a6 7. Bc4 Be7 8.
Nxc6 bxc6 9. Qe2 Bb7 10. O-O-O O-O 11. Rd2 Bc8 12. Rhd1 h6 13. e5 Nh7 14. Na4
Rb8 15. Nb6 Rxb6 16. Bxb6 Qxb6 17. a3 Qc7 18. Bd3 Ng5 19. h4 Nh7 20. Qe4 g6 21.
h5 Ng5 22. Qg4 Qxe5 23. f4 Qg7 24. fxg5 Bxg5 25. hxg6 fxg6 26. b3 Qa1# 0-1

[Event "Pupillettes"]
[Site "?"]
[Date "2014.03.01"]
[Round "2.2"]
[White "Boulart, Emilie"]
[Black "Bourdeaux, Angele"]
[Result "1-0"]
[WhiteElo "1334"]
[BlackElo "1268"]
[PlyCount "51"]
[EventDate "2014.03.01"]
[SourceDate "2014.03.01"]

1. e4 d6 2. d4 Nf6 3. g3 g6 4. c4 Bg7 5. Nc3 O-O 6. Be3 c6 7. Qd2 Qa5 8. h4 c5
9. d5 Nbd7 10. g4 Ne5 11. h5 Bd7 12. Bh6 Rfc8 13. hxg6 fxg6 14. Be2 a6 15. Bxg7
Kxg7 16. Qh6+ Kf7 17. g5 Nh5 18. f4 Ng4 19. Qxh7+ Kf8 20. Qxg6 Be8 21. Qf5+ Kg7
22. Bxg4 Bg6 23. Qe6 Nxf4 24. Qxe7+ Bf7 25. Qf6+ Kf8 26. Rh8# 1-0

[Event "Pupillettes"]
[Site "?"]
[Date "2014.03.01"]
[Round "2.3"]
[White "Salvador Ruiz, Camille"]
[Black "Jude, Cloe"]
[Result "1-0"]
[WhiteElo "1099"]
[BlackElo "1030"]
[PlyCount "69"]
[EventDate "2014.03.01"]
[SourceDate "2014.03.01"]

1. e4 e5 2. Nf3 Nc6 3. Nc3 Nf6 4. d3 Bb4 5. Bd2 O-O 6. Be2 Re8 7. O-O d6 8. a3
Ba5 9. Bg5 Bg4 10. a4 Bb6 11. Ra3 Bxf3 12. Bxf3 Qd7 13. Bxf6 Nb4 14. a5 Bc5 15.
Bg4 Qc8 16. Bxc8 Raxc8 17. Qd2 Nc6 18. Rb3 Nxa5 19. Rb5 b6 20. Qg5 g6 21. b4 a6
22. bxa5 axb5 23. Nxb5 Ra8 24. axb6 cxb6 25. Nc7 Bxf2+ 26. Rxf2 Ra1+ 27. Rf1
Rc8 28. Rxa1 Rxc7 29. Rc1 Rc3 30. Qd2 Ra3 31. Qe3 Ra2 32. Qxb6 Ra8 33. Rb1 Rc8
34. Qb8 Rxb8 35. Rxb8# 1-0

[Event "Pupillettes"]
[Site "?"]
[Date "2014.03.01"]
[Round "2.4"]
[White "Rubio, Sarah"]
[Black "Thoraval, Marie"]
[Result "0-1"]
[WhiteElo "1099"]
[BlackElo "1540"]
[PlyCount "70"]
[EventDate "2014.03.01"]
[SourceDate "2014.03.01"]

1. e4 c5 2. Bc4 d6 3. Nf3 a6 4. O-O Nf6 5. Nc3 b5 6. Be2 e6 7. d3 Bb7 8. Be3
Be7 9. d4 Nbd7 10. e5 dxe5 11. dxe5 Nd5 12. Nd2 Nxe5 13. Bf4 Nxf4 14. Bf3 Nxf3+
15. gxf3 O-O 16. Re1 Nd5 17. Nce4 Nf6 18. b3 Rc8 19. c3 Qd3 20. a3 Nxe4 21.
fxe4 Qxc3 22. Ra2 Rcd8 23. Re2 Bg5 24. Qe1 Rd7 25. Qf1 Rxd2 26. Qe1 Rfd8 27. a4
Rd1 28. Kf1 Rxe1+ 29. Rxe1 Bd2 30. Rd1 Bxe4 31. Raxd2 Rxd2 32. Ke1 Rxd1+ 33.
Kxd1 Qb2 34. Ke1 Qc2 35. Kf1 Qd1# 0-1

[Event "Pupillettes"]
[Site "?"]
[Date "2014.03.02"]
[Round "3.1"]
[White "Bourdeaux, Angele"]
[Black "Hoffman, Marion"]
[Result "1-0"]
[WhiteElo "1268"]
[BlackElo "1160"]
[PlyCount "77"]
[EventDate "2014.03.01"]
[SourceDate "2014.03.01"]

1. Nf3 d5 2. g3 Nc6 3. Bg2 Nf6 4. O-O e5 5. d3 Be6 6. Nbd2 Qd7 7. Re1 O-O-O 8.
c4 d4 9. a3 Be7 10. Ng5 Bf5 11. Nxf7 Rde8 12. Nxh8 Rxh8 13. b4 h5 14. Nb3 h4
15. b5 Nd8 16. a4 hxg3 17. fxg3 Bh3 18. Bh1 Ng4 19. e3 Bb4 20. Re2 Nxe3 21.
Bxe3 dxe3 22. Rxe3 Bg4 23. Bf3 Bxf3 24. Qxf3 Qh3 25. Qg2 Qh5 26. d4 exd4 27.
Nxd4 Bc5 28. Rd3 Ne6 29. Rad1 Rd8 30. Qe4 Qh6 31. Kg2 Ng5 32. Qf5+ Kb8 33. Qxc5
Qh3+ 34. Kg1 Nf7 35. Nf3 Nd6 36. Ng5 Qh6 37. Nf7 Nxf7 38. Rxd8+ Nxd8 39. Rxd8#
1-0

[Event "Pupillettes"]
[Site "?"]
[Date "2014.03.02"]
[Round "3.2"]
[White "Jude, Cloe"]
[Black "Boulart, Emilie"]
[Result "0-1"]
[WhiteElo "1040"]
[BlackElo "1334"]
[PlyCount "33"]
[EventDate "2014.03.01"]
[SourceDate "2014.03.01"]

1. e4 c5 2. d4 cxd4 3. Bb5 Qa5+ 4. Bd2 Qxb5 5. e5 Qxe5+ 6. Ne2 Nf6 7. O-O g6 8.
c3 Bg7 9. cxd4 Qc7 10. Nbc3 d5 11. Nb5 Qb6 12. Nec3 O-O 13. Re1 Bg4 14. Qc2 Nc6
15. Be3 Rfe8 16. Red1 Bxd1 17. Qxd1 {feuille de partie illisible} 0-1

[Event "Pupillettes"]
[Site "?"]
[Date "2014.03.02"]
[Round "3.3"]
[White "Pellat, Camille"]
[Black "Rubio, Sarah"]
[Result "1-0"]
[WhiteElo "1188"]
[BlackElo "1099"]
[PlyCount "91"]
[EventDate "2014.03.01"]
[SourceDate "2014.03.01"]

1. e4 e5 2. Nf3 Nc6 3. c3 Bc5 4. d4 Bd6 5. Bd3 Nf6 6. O-O O-O 7. Bg5 Be7 8. Bc2
d6 9. h3 Bd7 10. Nbd2 Na5 11. Re1 Bb5 12. Ba4 c6 13. Bxb5 cxb5 14. Qe2 a6 15.
Rac1 Re8 16. Qe3 Kf8 17. Rcd1 Qd7 18. Nh4 Rec8 19. Nf5 Bd8 20. Bxf6 Bxf6 21.
Qg3 Qe6 22. Ra1 Nc6 23. Nb3 b4 24. Red1 a5 25. Nc1 a4 26. a3 b3 27. dxe5 Bxe5
28. Qf3 Na5 29. Nd3 Nc4 30. Rdb1 Nd2 31. Qg4 Nxb1 32. Rxb1 Qc4 33. Nxe5 dxe5
34. Qxg7+ Ke8 35. Nd6+ Kd7 36. Nxc4 Rxc4 37. Qxf7+ Kc6 38. Qxc4+ Kd7 39. Rd1+
Ke7 40. Qc7+ Kf6 41. Qd6+ Kg5 42. Qxe5+ Kg6 43. Qf5+ Kg7 44. Rd7+ Kg8 45. Qf7+
Kh8 46. Qxh7# 1-0

[Event "Pupillettes"]
[Site "?"]
[Date "2014.03.02"]
[Round "3.4"]
[White "Thoraval, Marie"]
[Black "Salvador Ruiz, Camille"]
[Result "1-0"]
[WhiteElo "1540"]
[BlackElo "1099"]
[PlyCount "55"]
[EventDate "2014.03.01"]
[SourceDate "2014.03.01"]

1. d4 d5 2. c4 dxc4 3. e4 Nf6 4. Nc3 Nc6 5. Nf3 Bg4 6. d5 Na5 7. b4 Bxf3 8.
Qxf3 b6 9. bxa5 bxa5 10. Bxc4 e5 11. Bb5+ Nd7 12. Bc6 Rb8 13. O-O Bc5 14. Qf5
O-O 15. Bxd7 Bd4 16. Bd2 Rb2 17. Rfd1 Bxc3 18. Bxc3 Rc2 19. Bxe5 c5 20. dxc6
Qb6 21. Rab1 Qc5 22. Bd6 Qxf5 23. exf5 Rd8 24. Rb8 h6 25. Rxd8+ Kh7 26. c7 Rxa2
27. c8=Q a4 28. Rh8# 1-0

[Event "Pupillettes"]
[Site "?"]
[Date "2014.03.02"]
[Round "4.1"]
[White "Hoffman, Marion"]
[Black "Rubio, Sarah"]
[Result "1-0"]
[WhiteElo "1160"]
[BlackElo "1099"]
[PlyCount "57"]
[EventDate "2014.03.01"]
[SourceDate "2014.03.01"]

1. e4 e5 2. Nf3 Nc6 3. Nc3 Bc5 4. Bc4 Nf6 5. d3 O-O 6. Bg5 d6 7. Qe2 Bg4 8. h3
Bd7 9. O-O-O a6 10. g4 b5 11. Bd5 Qe8 12. Rhg1 Rb8 13. h4 Nb4 14. h5 h6 15.
Bxf6 Qc8 16. Bxg7 Kxg7 17. g5 Nxa2+ 18. Bxa2 b4 19. gxh6+ Kf6 20. Nd5+ Ke6 21.
Nb6+ Ke7 22. Nxc8+ Bxc8 23. Qd2 f6 24. Rg7+ Kd8 25. d4 Bb6 26. dxe5 fxe5 27.
Nxe5 Ra8 28. Qg5+ Ke8 29. Qe7# 1-0

[Event "Pupillettes"]
[Site "?"]
[Date "2014.03.02"]
[Round "4.2"]
[White "Boulart, Emilie"]
[Black "Thoraval, Marie"]
[Result "1-0"]
[WhiteElo "1334"]
[BlackElo "1540"]
[PlyCount "39"]
[EventDate "2014.03.01"]
[SourceDate "2014.03.01"]

1. e4 c5 2. c3 d6 3. d4 Nf6 4. d5 Nxe4 5. Qa4+ Bd7 6. Qxe4 e6 7. Nf3 Be7 8. Bc4
a6 9. dxe6 Bc6 10. exf7+ Kf8 11. Qd3 b5 12. Bd5 Bf6 13. Bxc6 Nxc6 14. O-O Kxf7
15. Qd5+ Kf8 16. Qxc6 g6 17. Bg5 Kg7 18. Qb7+ Kf8 19. Bxf6 Qe8 20. Qg7# 1-0

[Event "Pupillettes"]
[Site "?"]
[Date "2014.03.02"]
[Round "4.3"]
[White "Salvador Ruiz, Camille"]
[Black "Pellat, Camille"]
[Result "0-1"]
[WhiteElo "1099"]
[BlackElo "1188"]
[PlyCount "90"]
[EventDate "2014.03.01"]
[SourceDate "2014.03.01"]

1. e4 c5 2. d4 cxd4 3. Qxd4 Nc6 4. Qd1 e6 5. Nc3 Nf6 6. Nf3 Be7 7. Bb5 a6 8.
Bxc6 bxc6 9. O-O O-O 10. Bf4 Bb7 11. Qd4 h6 12. Qb4 Bxb4 13. a3 Bxc3 14. bxc3
c5 15. Rfe1 Nxe4 16. Rab1 Bc6 17. Rbd1 Nxc3 18. Rd3 Nd5 19. Bd6 Re8 20. c4 Nb6
21. Ne5 Qg5 22. Rf3 Bxf3 23. Nxf3 Qf6 24. Ne5 Nc8 25. Bxc5 d6 26. Bd4 dxe5 27.
Bxe5 Qg6 28. h3 Nb6 29. c5 Nd5 30. c6 Rac8 31. Rc1 Qf5 32. Bg3 Qg5 33. f4 Qxg3
34. Rc4 Qe3+ 35. Kh1 Qb6 36. Rc1 Rxc6 37. Rf1 Ne3 38. Rf3 Qb1+ 39. Kh2 Qb3 40.
f5 exf5 41. g4 Rc2+ 42. Kg3 Rg2+ 43. Kh4 Qb6 44. Rg3 Qf6+ 45. Kh5 Qg5# 0-1

[Event "Pupillettes"]
[Site "?"]
[Date "2014.03.02"]
[Round "4.4"]
[White "Bourdeaux, Angele"]
[Black "Jude, Cloe"]
[Result "1-0"]
[WhiteElo "1268"]
[BlackElo "1040"]
[PlyCount "57"]
[EventDate "2014.03.01"]
[SourceDate "2014.03.01"]

1. Nf3 d6 2. g3 e5 3. Bg2 e4 4. Nd4 Be7 5. Bxe4 d5 6. Bg2 Bc5 7. Nf3 Nf6 8. O-O
O-O 9. d3 Re8 10. c4 d4 11. Nbd2 Bg4 12. Nb3 Na6 13. a3 Bxf3 14. Bxf3 c6 15.
Re1 Re7 16. Bg5 Re6 17. Bg4 Rd6 18. Bh3 Qe8 19. Bf4 Rd7 20. Bxd7 Qxd7 21. e3
dxe3 22. Bxe3 Bxe3 23. Rxe3 Ng4 24. Re2 Nf6 25. Qd2 Rd8 26. d4 Qf5 27. Rae1 Re8
28. Rxe8+ Nxe8 29. Rxe8# 1-0

[Event "Pupillettes"]
[Site "?"]
[Date "2014.03.02"]
[Round "5.1"]
[White "Rubio, Sarah"]
[Black "Salvador Ruiz, Camille"]
[Result "1-0"]
[WhiteElo "1099"]
[BlackElo "1099"]
[PlyCount "47"]
[EventDate "2014.03.01"]
[SourceDate "2014.03.01"]

1. e4 e5 2. Bc4 Nf6 3. Nc3 Nc6 4. Nf3 d6 5. d3 Bg4 6. Bg5 Be7 7. O-O O-O 8. a3
a6 9. b4 b5 10. Bb3 a5 11. bxa5 Nxa5 12. Ba2 Qd7 13. Re1 Qc6 14. Bd2 Bxf3 15.
Qxf3 Rfd8 16. h3 d5 17. exd5 Qc5 18. Nb1 Nxd5 19. Rxe5 Qd4 20. Bc3 Nxc3 21.
Rxe7 Re8 22. Qxf7+ Kh8 23. Rxe8+ Rxe8 24. Qxe8# 1-0

[Event "Pupillettes"]
[Site "?"]
[Date "2014.03.02"]
[Round "5.2"]
[White "Jude, Cloe"]
[Black "Hoffman, Marion"]
[Result "0-1"]
[WhiteElo "1040"]
[BlackElo "1160"]
[PlyCount "70"]
[EventDate "2014.03.01"]
[SourceDate "2014.03.01"]

1. e4 c5 2. d3 e6 3. Nf3 d6 4. d4 cxd4 5. Bb5+ Bd7 6. Bd3 Nf6 7. Nxd4 Be7 8.
O-O O-O 9. Re1 e5 10. Nf3 Nc6 11. Nh4 Nxe4 12. Bxe4 Bxh4 13. Be3 f5 14. Bd5+
Kh8 15. Nc3 f4 16. Bd2 Qb6 17. h3 Qxf2+ 18. Kh1 f3 19. gxf3 Bxh3 20. f4 Bg3 21.
Qe2 Qc5 22. Na4 Qxd5+ 23. Kg1 Bxe1 24. Bxe1 Rxf4 25. Nc3 Qd4+ 26. Bf2 Rg4+ 27.
Kh2 Qf4+ 28. Kh1 Nd4 29. Bxd4 Qxd4 30. Rd1 Qf4 31. Rxd6 Rh4 32. Qb5 Bf1+ 33.
Kg1 Rg4+ 34. Kh1 Qf3+ 35. Kh2 Qg2# 0-1

[Event "Pupillettes"]
[Site "?"]
[Date "2014.03.02"]
[Round "5.3"]
[White "Pellat, Camille"]
[Black "Boulart, Emilie"]
[Result "1/2-1/2"]
[WhiteElo "1190"]
[BlackElo "1334"]
[PlyCount "154"]
[EventDate "2014.03.01"]
[SourceDate "2014.03.01"]

1. e4 c5 2. Nf3 e6 3. c3 Nf6 4. Qc2 Nc6 5. d4 cxd4 6. cxd4 Be7 7. Nc3 O-O 8.
Be2 a6 9. O-O b5 10. Be3 Bb7 11. h3 Nb4 12. Qb1 d5 13. e5 Ne4 14. Nxe4 dxe4 15.
Nd2 Qd5 16. f3 exf3 17. Bxf3 Qd7 18. Bxb7 Qxb7 19. Bf2 Rac8 20. Qd1 Rfd8 21.
Nf3 Nd5 22. a3 f6 23. exf6 Bxf6 24. Re1 Qf7 25. Qd2 Nb6 26. Qd3 Na4 27. Rab1
Nc5 28. Qd1 Qh5 29. Qe2 Nd7 30. Qxe6+ Qf7 31. Qxf7+ Kxf7 32. Rbc1 Rb8 33. Rcd1
Nb6 34. Bh4 Nc4 35. Bxf6 Kxf6 36. Rb1 Rb7 37. Kf2 Rbd7 38. Red1 Kf5 39. Re1 g5
40. Kg3 h5 41. Kh2 g4 42. hxg4+ hxg4 43. Ng1 Rxd4 44. Ne2 Re4 45. Ng3+ Kg6 46.
Rxe4 Nd2 47. Rxg4+ Kf6 48. Rd1 Nf3+ 49. gxf3 Rxd1 50. f4 Rd2+ 51. Kh3 Rxb2 52.
f5 Rb3 53. a4 b4 54. Kh4 a5 55. Kh3 Rd3 56. Kh2 b3 57. Rf4 Rd2+ 58. Kh3 Rd1 59.
Rf3 b2 60. Rb3 b1=Q 61. Rxb1 Rxb1 62. Kg4 Ra1 63. Ne4+ Ke5 64. Nc5 Rg1+ 65. Kf3
Kxf5 66. Nb7 Ra1 67. Nxa5 Rxa4 68. Nc6 Ra3+ 69. Ke2 Ke4 70. Kf2 Rf3+ 71. Kg2
Ke3 72. Ne5 Rf5 73. Nc4+ Ke2 74. Kg3 Kd3 75. Nd6 Rf1 76. Kg2 Ke2 77. Kg3 Rd1
1/2-1/2

[Event "Pupillettes"]
[Site "?"]
[Date "2014.03.02"]
[Round "5.4"]
[White "Thoraval, Marie"]
[Black "Bourdeaux, Angele"]
[Result "1/2-1/2"]
[WhiteElo "1540"]
[BlackElo "1268"]
[PlyCount "102"]
[EventDate "2014.03.01"]
[SourceDate "2014.03.01"]

1. d4 Nf6 2. c4 g6 3. f3 Bg7 4. e4 O-O 5. Nc3 d6 6. Be3 Nbd7 7. Qd2 c5 8. d5
Re8 9. g4 h5 10. h3 Nb6 11. Bh6 e6 12. O-O-O Nh7 13. Bd3 Qh4 14. Nge2 Bxh6 15.
Qxh6 Qg5+ 16. Qxg5 Nxg5 17. Rdf1 f5 18. Nb5 fxe4 19. fxe4 exd5 20. Nc7 dxe4 21.
Nxe8 exd3 22. Nf4 d2+ 23. Kxd2 Nxc4+ 24. Kc1 hxg4 25. hxg4 Ne5 26. Nxd6 Nxg4
27. Nxg6 Kg7 28. Ne7 Be6 29. Nxb7 Bxa2 30. Nxc5 Ne3 31. Rf2 Re8 32. Nf5+ Nxf5
33. Rxf5 Rc8 34. Rxg5+ Kf6 35. Rgh5 Bf7 36. Rh6+ Kg7 37. b4 a5 38. Kb2 axb4 39.
Nd3 b3 40. Rh7+ Kf6 41. Rxf7+ Kxf7 42. Kxb3 Rb8+ 43. Kc2 Rc8+ 44. Kd2 Ke6 45.
Rh5 Rd8 46. Ke3 Kf6 47. Nf2 Kg6 48. Re5 Kf7 49. Ng4 Re8 50. Nh6+ Kf8 51. Rxe8+
Kxe8 1/2-1/2

[Event "Pupillettes"]
[Site "?"]
[Date "2014.03.03"]
[Round "6.1"]
[White "Hoffman, Marion"]
[Black "Salvador Ruiz, Camille"]
[Result "1-0"]
[WhiteElo "1160"]
[BlackElo "1099"]
[PlyCount "83"]
[EventDate "2014.03.01"]
[SourceDate "2014.03.01"]

1. e4 e5 2. Nf3 Nc6 3. Nc3 Nf6 4. Bc4 Bc5 5. d3 d6 6. Bd2 O-O 7. Qe2 Qe7 8.
O-O-O Bg4 9. h3 Nd4 10. Qe1 Bxf3 11. gxf3 Nxf3 12. Qe2 Nd4 13. Qf1 a6 14. Bg5
h6 15. Bxf6 Qxf6 16. Nd5 Qg5+ 17. Kb1 c6 18. h4 Qh5 19. Ne7+ Kh8 20. Qg2 g6 21.
Rdg1 Rfe8 22. Bxf7 Rxe7 23. Bxg6 Qe2 24. Rc1 Ne6 25. Bf5 Bxf2 26. a3 Ree8 27.
Qg6 Re7 28. Qxh6+ Kg8 29. Rh2 Rf8 30. Bxe6+ Rxe6 31. Rg2+ Kf7 32. Qg7+ Ke8 33.
Qxb7 Rf7 34. Rg8+ Rf8 35. Qxc6+ Kf7 36. Rg5 Bxh4 37. Rf5+ Ke7 38. Qc7+ Ke8 39.
Rg1 Bf2 40. Qc8+ Ke7 41. Rg7+ Rf7 42. Rfxf7# 1-0

[Event "Pupillettes"]
[Site "?"]
[Date "2014.03.03"]
[Round "6.2"]
[White "Boulart, Emilie"]
[Black "Rubio, Sarah"]
[Result "1-0"]
[WhiteElo "1334"]
[BlackElo "1099"]
[PlyCount "93"]
[EventDate "2014.03.01"]
[SourceDate "2014.03.01"]

1. e4 e5 2. Nf3 Nc6 3. c3 Nf6 4. d4 d6 5. d5 Na5 6. Qa4+ Bd7 7. Qxa5 Be7 8. Bd3
O-O 9. O-O h6 10. c4 b6 11. Qe1 Qc8 12. Be3 Rb8 13. Nc3 a6 14. b4 Bg4 15. h3
Bxf3 16. gxf3 Qxh3 17. Qd1 Nh5 18. Re1 Bh4 19. Bf1 Qd7 20. Bg2 Qd8 21. Kf1 Bg3
22. Ke2 Nf4+ 23. Bxf4 exf4 24. fxg3 Qf6 25. gxf4 Qxc3 26. Qd3 Qb2+ 27. Qd2 Qa3
28. Rec1 Qa4 29. Rh1 Rfe8 30. Rh2 a5 31. Rah1 axb4 32. f5 Kf8 33. Qb2 Ke7 34.
Qb3 Qa6 35. Ra1 Ra8 36. Qxb4 Rh8 37. a4 Qc8 38. a5 bxa5 39. Rxa5 Ke8 40. Qa4+
Kf8 41. Rxa8 Qxa8 42. Qxa8+ Ke7 43. Qxh8 Kd7 44. Qxg7 c6 45. Qxf7+ Kc8 46. Rxh6
cxd5 47. Rh8# 1-0

[Event "Pupillettes"]
[Site "?"]
[Date "2014.03.03"]
[Round "6.3"]
[White "Bourdeaux, Angele"]
[Black "Pellat, Camille"]
[Result "1-0"]
[WhiteElo "1268"]
[BlackElo "1188"]
[PlyCount "103"]
[EventDate "2014.03.01"]
[SourceDate "2014.03.01"]

1. Nf3 d5 2. g3 c5 3. Bg2 Nc6 4. O-O e5 5. d3 f6 6. c4 d4 7. Nbd2 Be6 8. Re1
Qd7 9. b3 h5 10. h4 Be7 11. Ne4 Bh3 12. Bd2 Bxg2 13. Kxg2 g5 14. hxg5 fxg5 15.
Nexg5 h4 16. Nxh4 Qg4 17. e3 Qxg5 18. exd4 Qf6 19. dxe5 Nxe5 20. Bc3 Bd6 21. f4
Be7 22. Bxe5 Qc6+ 23. Qf3 Qxf3+ 24. Nxf3 Rh7 25. Bd6 O-O-O 26. Bxe7 Nxe7 27.
Ng5 Rh5 28. Rxe7 Rxd3 29. Rae1 Rd2+ 30. Kg1 Rh8 31. Re8+ Rxe8 32. Rxe8+ Kc7 33.
f5 Rd1+ 34. Kg2 Rd2+ 35. Kf1 Rd6 36. Ke2 Rf6 37. g4 Kd7 38. Re3 Ra6 39. a4 Rh6
40. Kf3 Kc7 41. Ke4 Rf6 42. Ke5 Rh6 43. f6 Rg6 44. f7 Rxg5+ 45. Ke6 Rg6+ 46.
Ke7 Rxg4 47. f8=Q Rd4 48. Qf5 Rd6 49. Qxc5+ Rc6 50. Qd5 Kb6 51. Re6 Kc7 52.
Qd8# 1-0

[Event "Pupillettes"]
[Site "?"]
[Date "2014.03.03"]
[Round "6.4"]
[White "Jude, Cloe"]
[Black "Thoraval, Marie"]
[Result "0-1"]
[WhiteElo "1040"]
[BlackElo "1540"]
[PlyCount "92"]
[EventDate "2014.03.01"]
[SourceDate "2014.03.01"]

1. e4 c5 2. Bb5 a6 3. Nf3 axb5 4. O-O d6 5. d3 Nf6 6. Bg5 e6 7. Nc3 Bd7 8. d4
b4 9. e5 bxc3 10. exf6 gxf6 11. Bh4 cxb2 12. Rb1 Bb5 13. Re1 Nd7 14. Rxb2 Ba6
15. d5 Bc4 16. dxe6 Bxe6 17. Rxb7 Rb8 18. Rb1 Bg7 19. Qxd6 Rxb1 20. Rxb1 Bf8
21. Qd2 Qc7 22. a4 Qd6 23. Qa5 Bg7 24. Re1 Ke7 25. Qb5 Rb8 26. Qe2 Nf8 27. c4
Qa6 28. Nd2 Rb2 29. Bg3 Bh6 30. Rb1 Rxd2 31. Qe1 Ng6 32. Ra1 Kf8 33. a5 Bxc4
34. Rb1 Kg7 35. Rb8 Qxa5 36. h3 Be6 37. Qb1 Qa4 38. Qb7 Rd1+ 39. Kh2 Qa1 40.
Bf4 Bxf4+ 41. g3 Bxb8 42. Qxb8 Rh1+ 43. Kg2 Qg1+ 44. Kf3 Bd5+ 45. Kg4 Qxf2 46.
Qc8 Qf3# 0-1

[Event "Pupillettes"]
[Site "?"]
[Date "2014.03.04"]
[Round "7.1"]
[White "Salvador Ruiz, Camille"]
[Black "Boulart, Emilie"]
[Result "0-1"]
[WhiteElo "1099"]
[BlackElo "1334"]
[PlyCount "88"]
[EventDate "2014.03.01"]
[SourceDate "2014.03.01"]

1. e4 c5 2. Nc3 e6 3. Nf3 a6 4. Bc4 b5 5. Be2 Bb7 6. O-O Be7 7. b3 Nc6 8. Bb2
Nf6 9. d3 O-O 10. d4 cxd4 11. Nxd4 d5 12. exd5 Nxd4 13. Qxd4 Bxd5 14. Rad1 Bb7
15. b4 Qxd4 16. Rxd4 Rad8 17. Rxd8 Rxd8 18. a3 h6 19. h3 Rd2 20. Bd3 Be4 21.
Bc1 Bxd3 22. Bxd2 Bxf1 23. Kxf1 Nd5 24. Ne4 f5 25. Nc3 Nxc3 26. Bxc3 Bf6 27.
Bd2 g5 28. f4 Kf7 29. g3 Ke7 30. Ke1 Kd6 31. c3 Kd5 32. Ke2 Kc4 33. Be1 Bxc3
34. Bxc3 Kxc3 35. g4 fxg4 36. hxg4 gxf4 37. Kf2 Kb3 38. Kf3 e5 39. Kg2 Kxa3 40.
Kh3 Kxb4 41. Kh4 f3 42. Kh5 f2 43. Kxh6 f1=Q 44. g5 a5 0-1

[Event "Pupillettes"]
[Site "?"]
[Date "2014.03.04"]
[Round "7.2"]
[White "Rubio, Sarah"]
[Black "Bourdeaux, Angele"]
[Result "0-1"]
[WhiteElo "1099"]
[BlackElo "1268"]
[PlyCount "92"]
[EventDate "2014.03.01"]
[SourceDate "2014.03.01"]

1. e4 d6 2. Nf3 Nf6 3. Nc3 g6 4. Bb5+ Nbd7 5. O-O Bg7 6. d3 O-O 7. Bd2 c5 8.
Bc4 a6 9. Ng5 Ne5 10. a3 h6 11. Nf3 Bg4 12. h3 Nxf3+ 13. gxf3 Bxh3 14. Re1 b5
15. Ba2 Qd7 16. Qc1 g5 17. Nd5 Nxd5 18. Bxd5 Rac8 19. Re3 g4 20. fxg4 Bd4 21.
Rxh3 h5 22. Rxh5 Qxg4+ 23. Kf1 Qxh5 24. Bh6 Qh1+ 25. Ke2 Qxc1 26. Rxc1 Bxb2 27.
Rg1+ Kh8 28. Bg7+ Bxg7 29. Rh1+ Kg8 30. e5 Bxe5 31. Be4 f5 32. Bd5+ Kg7 33.
Rg1+ Kf6 34. Bf3 Bb2 35. Bh5 Rg8 36. Rh1 Bxa3 37. Rh3 Bb2 38. Re3 a5 39. Kd2
Rg1 40. Ke2 a4 41. d4 cxd4 42. Rd3 a3 43. Rxd4 Bxd4 44. Kd2 a2 45. Kd3 a1=Q 46.
Ke2 Qd1# 0-1

[Event "Pupillettes"]
[Site "?"]
[Date "2014.03.04"]
[Round "7.3"]
[White "Pellat, Camille"]
[Black "Jude, Cloe"]
[Result "0-1"]
[WhiteElo "1188"]
[BlackElo "1040"]
[PlyCount "61"]
[EventDate "2014.03.01"]
[SourceDate "2014.03.01"]

1. e4 e5 2. Nf3 Nc6 3. c3 Nf6 4. d4 Bd6 5. Bd3 O-O 6. O-O Re8 7. Re1 exd4 8.
cxd4 Bb4 9. Nc3 d6 10. h3 h6 11. a3 Ba5 12. Bd2 Bxh3 13. gxh3 Qd7 14. Bf1 Bb6
15. Bc1 Bxd4 16. Nxd4 Nxd4 17. Qxd4 c5 18. Qd1 Re5 19. Bg2 Re6 20. Bf4 b6 21.
Bg3 Rae8 22. Qc2 Qc6 23. Re2 Nxe4 24. Nxe4 Rg6 25. Nf6+ Rxf6 26. Bxc6 Rc8 27.
Rae1 Rg6 28. Bd5 a5 29. Qxg6 b5 30. Re8+ Rxe8 31. Rxe8# 0-1